00613nam a2200217Ia 4500008004100000020001800041050001400059245002000073245001800093260001500111260001400126260000900140300001400149300002600163300001000189440002100199650003400220700001200254999001900266952011000285181129s9999 xx 000 0 und d a9781472360779 bM194 2014 0aMagical story : 0bpalace pets / aBath, UK : bParragon, c2014 aunpaged : bcolor illustrations ; c22cm. aDisney princess. aChildren's stories, American. aSeries. c359511d359511 001040aSSISMbSSISMcSSISMd2018-11-29l0oER M194 2014pSSISM5606r2018-11-29 00:00:00w2018-11-29yBK